000
00309nam a2200133Ia 4500
008
240624s9999 xx 000 0 und d
041
_a
eng
082
_a
823 DAT
100
_a
DATTA DURJOY
245
_a
BOY WHO LOVED
260
_c
2017
_a
New Delhi
_b
Penguin
300
_a
297 p.; 19 cm.
365
_c
RS
_b
28.5
999
_c
29471
_d
29471